[Event "GLOCAL SQUARE 53rd National Challengers Chess Cham"]
[Site "Naivedhyam Celebration Centre, Nagpur"]
[Date "2015.08.20"]
[Round "5"]
[Board "9"]
[White "Sahoo, Utkal Ranjan"]
[Black "Rathnakaran, K."]
[Result "1/2-1/2"]
[WhiteElo "2215"]
[BlackElo "2417"]
[PlyCount "71"]
[EventDate "2015.08.17"]
[EventRounds "13"]
[EventCountry "IND"]

1. d4 Nf6 2. c4 c5 3. Nf3 cxd4 4. Nxd4 e5 5. Nb5 d5 6. cxd5 Bc5 7. N5c3 O-O 8.
g3 Qb6 9. e3 Bg4 10. Be2 Bxe2 11. Qxe2 e4 12. a3 Re8 13. Nd2 Qc7 14. O-O Qe5
15. Nc4 Qg5 16. f4 Qf5 17. b4 Bf8 18. Rd1 Nbd7 19. Nb5 Nxd5 20. Nbd6 Bxd6 21.
Nxd6 Qf6 22. Nxe8 Qxa1 23. Bb2 Qa2 24. Rxd5 Qxd5 25. Qg4 Kf8 26. Nc7 Qd3 27.
Bxg7+ Ke7 28. Nxa8 Qxe3+ 29. Kf1 Qc1+ 30. Ke2 Qc2+ 31. Ke1 e3 32. Qe2 Qb1+ 33.
Qd1 Qa2 34. Qe2 Qb1+ 35. Qd1 Qa2 36. Qe2 1/2-1/2

[Event "GLOCAL SQUARE 53rd National Challengers Chess Cham"]
[Site "Naivedhyam Celebration Centre, Nagpur"]
[Date "2015.08.20"]
[Round "5"]
[Board "10"]
[White "Kunte, Abhijit"]
[Black "Nihal, Sarin"]
[Result "1-0"]
[WhiteElo "2493"]
[BlackElo "2259"]
[PlyCount "87"]
[EventDate "2015.08.17"]
[EventRounds "13"]
[EventCountry "IND"]

1. d4 Nf6 2. c4 e6 3. Nf3 Bb4+ 4. Bd2 Bxd2+ 5. Qxd2 d5 6. g3 O-O 7. Bg2 Qe7 8.
O-O c6 9. Rc1 Nbd7 10. b4 b6 11. Qb2 Bb7 12. Nbd2 Rfc8 13. e3 a5 14. a3 Rcb8
15. b5 c5 16. cxd5 Bxd5 17. Nc4 Rc8 18. Nfe5 Bxg2 19. Kxg2 Nxe5 20. dxe5 Ne8
21. Qe2 Qb7+ 22. Qf3 Rab8 23. Rd1 Kf8 24. a4 Qxf3+ 25. Kxf3 Ke7 26. Rd2 Rd8 27.
Rad1 Rxd2 28. Rxd2 Rb7 29. e4 Rb8 30. Ke2 h5 31. h4 Rb7 32. Ke3 Rb8 33. Kf4 Rb7
34. Kg5 g6 35. f3 Rb8 36. g4 hxg4 37. fxg4 f5 38. Kxg6 fxg4 39. h5 Nc7 40. h6
Rg8+ 41. Kh5 g3 42. h7 Rf8 43. Kg6 Ne8 44. Rg2 1-0

[Event "GLOCAL SQUARE 53rd National Challengers Chess Cham"]
[Site "Naivedhyam Celebration Centre, Nagpur"]
[Date "2015.08.20"]
[Round "5"]
[Board "11"]
[White "Karthik, V.   Ap"]
[Black "Das, Arghyadip"]
[Result "1/2-1/2"]
[WhiteElo "2256"]
[BlackElo "2485"]
[PlyCount "85"]
[EventDate "2015.08.17"]
[EventRounds "13"]
[EventCountry "IND"]

1. d4 d5 2. c4 dxc4 3. Nf3 Nf6 4. e3 g6 5. Bxc4 Bg7 6. Nc3 O-O 7. O-O Ne8 8. h3
Nd6 9. Be2 Bf5 10. Nh4 Bd7 11. Nf3 Nc6 12. e4 e6 13. Bg5 f6 14. Be3 Kh8 15. Qd2
a6 16. Rad1 b5 17. a3 Na5 18. Bh6 Nac4 19. Bxg7+ Kxg7 20. Bxc4 Nxc4 21. Qe2 Qe7
22. Rfe1 Rad8 23. e5 Bc6 24. exf6+ Qxf6 25. Ne5 Nxe5 26. Qxe5 Rd6 27. f3 Qxe5
28. Rxe5 Rf5 29. Kf2 h5 30. h4 Kh6 31. Ke3 Rxe5+ 32. dxe5 Rxd1 33. Nxd1 g5 34.
Nc3 gxh4 35. Kf4 a5 36. b4 a4 37. Ne2 Bd5 38. Nc3 Bc6 39. Ne2 Bd5 40. Nc3 c6
41. Ne2 Kg6 42. Nd4 Kh6 43. Ne2 1/2-1/2

[Event "GLOCAL SQUARE 53rd National Challengers Chess Cham"]
[Site "Naivedhyam Celebration Centre, Nagpur"]
[Date "2015.08.20"]
[Round "5"]
[Board "12"]
[White "Navalgund, Niranjan"]
[Black "Thejkumar, M. S."]
[Result "0-1"]
[WhiteElo "2245"]
[BlackElo "2479"]
[PlyCount "76"]
[EventDate "2015.08.17"]
[EventRounds "13"]
[EventCountry "IND"]

1. e4 c6 2. d4 d5 3. Nd2 g6 4. Ngf3 Bg7 5. c3 Nh6 6. Bd3 f6 7. O-O O-O 8. Re1
Nf7 9. h4 e5 10. h5 gxh5 11. Nh4 Bg4 12. Qc2 f5 13. Nxf5 Bxf5 14. exf5 e4 15.
Nxe4 dxe4 16. Rxe4 Nd7 17. Bf4 Nf6 18. Re6 Nd5 19. Bd2 Ng5 20. Re2 h4 21. Rae1
Bf6 22. c4 Nc7 23. d5 Kh8 24. f4 Nf7 25. Bb4 Bd4+ 26. Kh1 c5 27. Bxc5 Bxc5 28.
Qc3+ Kg8 29. f6 Qd6 30. Bxh7+ Kh8 31. Bg6 Qxf4 32. Re4 Qg3 33. Qxg3 hxg3 34.
Rh4+ Nh6 35. Rxh6+ Kg8 36. Rh7 Rxf6 37. Rxc7 Raf8 38. Bh7+ Kh8 0-1

[Event "GLOCAL SQUARE 53rd National Challengers Chess Cham"]
[Site "Naivedhyam Celebration Centre, Nagpur"]
[Date "2015.08.20"]
[Round "5"]
[Board "13"]
[White "Vignesh, B"]
[Black "Das, Sayantan"]
[Result "1/2-1/2"]
[WhiteElo "2234"]
[BlackElo "2444"]
[PlyCount "94"]
[EventDate "2015.08.17"]
[EventRounds "13"]
[EventCountry "IND"]

1. e4 e5 2. Nf3 Nc6 3. Bc4 Nf6 4. d3 Be7 5. Bb3 d6 6. c3 O-O 7. Nbd2 Na5 8. Bc2
c5 9. Nf1 Nc6 10. Ne3 d5 11. exd5 Nxd5 12. O-O Nb6 13. Qe2 f5 14. Bb3+ Kh8 15.
Nc4 Nxc4 16. Bxc4 Bf6 17. a3 a6 18. Be3 b6 19. Rad1 f4 20. Bc1 Bf5 21. Bb3 Qd7
22. Bc2 Rad8 23. Rfe1 g5 24. Nd2 g4 25. Ne4 f3 26. Qf1 fxg2 27. Qxg2 Bg7 28.
Bg5 Rc8 29. Rd2 Ne7 30. Bxe7 Qxe7 31. Rde2 Rcd8 32. Ng3 Bg6 33. Re3 c4 34. Qf1
Qd7 35. Rd1 Qc6 36. Qe2 Bh6 37. Rxe5 Bf4 38. Re6 cxd3 39. Bxd3 Qf3 40. Bc2 Bxc2
41. Rxd8 Rxd8 42. Re8+ Rxe8 43. Qxe8+ Kg7 44. Qe7+ Kg8 45. Qe8+ Kg7 46. Qe7+
Kg8 47. Qe8+ Kg7 1/2-1/2

[Event "GLOCAL SQUARE 53rd National Challengers Chess Cham"]
[Site "Naivedhyam Celebration Centre, Nagpur"]
[Date "2015.08.20"]
[Round "5"]
[Board "14"]
[White "Ramnath, Bhuvanesh.R"]
[Black "Gurpreet, Singh Maras"]
[Result "1-0"]
[WhiteElo "2431"]
[BlackElo "2245"]
[PlyCount "69"]
[EventDate "2015.08.17"]
[EventRounds "13"]
[EventCountry "IND"]

1. e4 c6 2. d4 d5 3. e5 Bf5 4. Nf3 e6 5. Be2 c5 6. Be3 cxd4 7. Nxd4 Ne7 8. O-O
Nbc6 9. Bb5 Bg6 10. c4 a6 11. Bxc6+ Nxc6 12. Nxc6 bxc6 13. Qa4 Qd7 14. Rd1 Be7
15. Nc3 Rb8 16. b3 Rb4 17. Qxa6 O-O 18. Rac1 Rbb8 19. cxd5 cxd5 20. Na4 Ra8 21.
Qc6 Qd8 22. Bb6 Qb8 23. Bc7 Qb4 24. Bd6 Bxd6 25. exd6 Qg4 26. f3 Qg5 27. d7
Rad8 28. Nc5 Bh5 29. Rc3 Qe5 30. Rcd3 Bg6 31. R3d2 Qe3+ 32. Kh1 Qc3 33. Qd6 Bh5
34. Nb7 Bxf3 35. Rd3 1-0

[Event "GLOCAL SQUARE 53rd National Challengers Chess Cham"]
[Site "Naivedhyam Celebration Centre, Nagpur"]
[Date "2015.08.20"]
[Round "5"]
[Board "15"]
[White "Singh, D.P."]
[Black "Karthikeyan, P."]
[Result "0-1"]
[WhiteElo "2221"]
[BlackElo "2426"]
[PlyCount "40"]
[EventDate "2015.08.17"]
[EventRounds "13"]
[EventCountry "IND"]

1. d4 Nf6 2. Nf3 g6 3. c4 Bg7 4. Nc3 d5 5. h4 c6 6. Bg5 dxc4 7. e4 b5 8. e5 Nd5
9. h5 h6 10. hxg6 fxg6 11. Bd2 Be6 12. Ne4 Nd7 13. Qc2 Bf7 14. g3 c5 15. Nxc5
Nxc5 16. dxc5 Qc8 17. Bh3 e6 18. a4 O-O 19. Bg2 Qc7 20. axb5 Nb4 0-1

[Event "GLOCAL SQUARE 53rd National Challengers Chess Cham"]
[Site "Naivedhyam Celebration Centre, Nagpur"]
[Date "2015.08.20"]
[Round "5"]
[Board "16"]
[White "Ravi, Teja S."]
[Black "Gokhale, Chandrashekhar"]
[Result "1-0"]
[WhiteElo "2416"]
[BlackElo "2218"]
[PlyCount "57"]
[EventDate "2015.08.17"]
[EventRounds "13"]
[EventCountry "IND"]

1. d4 d6 2. Nf3 Nd7 3. c4 e5 4. Nc3 Ngf6 5. g3 g6 6. Bg2 Bg7 7. O-O O-O 8. e4
exd4 9. Nxd4 Re8 10. h3 Nc5 11. Re1 a5 12. Qc2 Nfd7 13. Be3 Ne5 14. b3 Ncd3 15.
Red1 Nb4 16. Qe2 Nec6 17. Ndb5 Bd7 18. Rac1 Qc8 19. Nd5 Na6 20. Nbxc7 Nxc7 21.
Nb6 Qb8 22. Nxd7 Qd8 23. Rxd6 Re6 24. Rd2 Qe7 25. Nb6 Rd8 26. Rxd8+ Qxd8 27.
Nd5 Qc8 28. Rd1 Re8 29. f4 1-0

[Event "GLOCAL SQUARE 53rd National Challengers Chess Cham"]
[Site "Naivedhyam Celebration Centre, Nagpur"]
[Date "2015.08.20"]
[Round "5"]
[Board "17"]
[White "Iniyan, P"]
[Black "Nitin, S."]
[Result "0-1"]
[WhiteElo "2214"]
[BlackElo "2404"]
[PlyCount "82"]
[EventDate "2015.08.17"]
[EventRounds "13"]
[EventCountry "IND"]

1. d4 Nf6 2. c4 g6 3. Nc3 Bg7 4. e4 d6 5. Nf3 O-O 6. Be2 e5 7. O-O exd4 8. Nxd4
Re8 9. f3 Nbd7 10. Be3 c6 11. Nc2 Ne5 12. Bf2 Nh5 13. Be3 Be6 14. Na3 Nf6 15.
h3 d5 16. cxd5 cxd5 17. Bb5 Nc6 18. Qa4 dxe4 19. fxe4 Nh5 20. Nd5 a6 21. Bxc6
bxc6 22. Nf4 Nxf4 23. Bxf4 Qd4+ 24. Qxd4 Bxd4+ 25. Kh1 Bxb2 26. Nc2 Bc4 27. Ne3
Bxf1 28. Rxf1 Rxe4 29. Ng4 Bg7 30. Bh6 f5 31. Bxg7 Kxg7 32. Nf2 Re2 33. a4 Ra2
34. Nd3 Rxa4 35. Rc1 Rd4 36. Nc5 Rd6 37. Ra1 a5 38. Ra3 a4 39. Kg1 Kf6 40. Kf2
Rd5 41. Nd3 c5 0-1

[Event "GLOCAL SQUARE 53rd National Challengers Chess Cham"]
[Site "Naivedhyam Celebration Centre, Nagpur"]
[Date "2015.08.20"]
[Round "5"]
[Board "18"]
[White "Chakravarthi Reddy, M"]
[Black "Krishna, C.R.G."]
[Result "0-1"]
[WhiteElo "2209"]
[BlackElo "2385"]
[PlyCount "72"]
[EventDate "2015.08.17"]
[EventRounds "13"]
[EventCountry "IND"]

1. d4 d5 2. c4 c6 3. Nf3 Nf6 4. Nc3 a6 5. a4 e6 6. Bf4 Bb4 7. e3 Nbd7 8. g4
dxc4 9. Bxc4 Nd5 10. Bxd5 exd5 11. g5 Nb6 12. Nd2 Bf5 13. a5 Nc8 14. Qa4 Be7
15. h4 O-O 16. f3 Bd6 17. Ne2 Re8 18. Qb3 Bxf4 19. Nxf4 Qe7 20. Kf2 Nd6 21.
Rae1 Qc7 22. Qb6 Qxb6 23. axb6 a5 24. Ra1 Ra6 25. b3 Rea8 26. Rhe1 Rxb6 27. e4
dxe4 28. fxe4 Be6 29. d5 cxd5 30. exd5 Bf5 31. Nc4 Nxc4 32. bxc4 Kf8 33. c5 Rb4
34. Kf3 a4 35. d6 Rb3+ 36. Re3 Re8 0-1

[Event "GLOCAL SQUARE 53rd National Challengers Chess Cham"]
[Site "Naivedhyam Celebration Centre, Nagpur"]
[Date "2015.08.20"]
[Round "5"]
[Board "20"]
[White "Varun, V"]
[Black "Sharma, Dinesh K."]
[Result "1-0"]
[WhiteElo "2171"]
[BlackElo "2363"]
[PlyCount "41"]
[EventDate "2015.08.17"]
[EventRounds "13"]
[EventCountry "IND"]

1. d4 Nf6 2. Nf3 g6 3. Bf4 Bg7 4. e3 d6 5. h3 O-O 6. Be2 Nbd7 7. O-O Qe8 8. c4
e5 9. Bh2 Qe7 10. Nc3 c6 11. b4 Rd8 12. Re1 c5 13. bxc5 dxc5 14. Nxe5 cxd4 15.
exd4 Nxe5 16. Bxe5 Ne4 17. Nd5 Qg5 18. Bf4 Qh4 19. g3 Qxh3 20. Bf1 Qf5 21. Ne7+
 1-0

[Event "GLOCAL SQUARE 53rd National Challengers Chess Cham"]
[Site "Naivedhyam Celebration Centre, Nagpur"]
[Date "2015.08.20"]
[Round "5"]
[Board "28"]
[White "Hemant, Sharma (del)"]
[Black "Sadhu, S Adithya"]
[Result "1-0"]
[WhiteElo "2270"]
[BlackElo "1950"]
[PlyCount "59"]
[EventDate "2015.08.17"]
[EventRounds "13"]
[EventCountry "IND"]

1. c4 e5 2. g3 Nc6 3. Bg2 Nf6 4. Nc3 d6 5. d3 Be6 6. Nd5 Be7 7. b4 Qd7 8. b5
Nd8 9. Nxe7 Qxe7 10. Nf3 O-O 11. O-O h6 12. Ba3 Nd7 13. Nd2 f5 14. f4 Rb8 15.
e4 c5 16. Qe2 Kh8 17. Bb2 Nf7 18. Rae1 b6 19. Nf3 fxe4 20. Nh4 Kg8 21. f5 exd3
22. Qxd3 Bxc4 23. Qxc4 Qf6 24. Ng6 Rfd8 25. Bd5 Re8 26. h4 Red8 27. g4 Re8 28.
Re2 Red8 29. Rg2 Re8 30. g5 1-0

[Event "GLOCAL SQUARE 53rd National Challengers Chess Cham"]
[Site "Naivedhyam Celebration Centre, Nagpur"]
[Date "2015.08.20"]
[Round "5"]
[Board "29"]
[White "Gurung, Rohit"]
[Black "Shyaamnikhil, P"]
[Result "0-1"]
[WhiteElo "1746"]
[BlackElo "2420"]
[PlyCount "96"]
[EventDate "2015.08.17"]
[EventRounds "13"]
[EventCountry "IND"]

1. e4 c5 2. c3 Nf6 3. e5 Nd5 4. d4 cxd4 5. cxd4 e6 6. Nf3 d6 7. Bc4 Nb6 8. Bd3
dxe5 9. Nxe5 Nc6 10. Bb5 Bd7 11. Nxd7 Qxd7 12. O-O a6 13. Bxc6 Qxc6 14. Nc3 Be7
15. Qg4 Bf6 16. Rd1 h5 17. Qe4 Qxe4 18. Nxe4 Be7 19. Bf4 Nd5 20. Bd6 Rd8 21.
Bxe7 Kxe7 22. Rac1 Rd7 23. Rd2 Rhd8 24. Rcd1 Rc7 25. g3 Rdc8 26. Kf1 f6 27. Re1
b6 28. Rde2 Rc1 29. f4 Rxe1+ 30. Kxe1 Rc4 31. Rd2 Ne3 32. b3 Rxd4 33. Rxd4 Nc2+
34. Kd2 Nxd4 35. Ke3 Nb5 36. h3 Nd6 37. Nc3 Nf5+ 38. Kf3 Kd6 39. g4 hxg4+ 40.
hxg4 Ne7 41. Ke4 g6 42. a3 Nd5 43. Ne2 f5+ 44. gxf5 gxf5+ 45. Kd4 Nxf4 46. Nxf4
e5+ 47. Ke3 exf4+ 48. Kxf4 Ke6 0-1

[Event "GLOCAL SQUARE 53rd National Challengers Chess Cham"]
[Site "Naivedhyam Celebration Centre, Nagpur"]
[Date "2015.08.20"]
[Round "5"]
[Board "33"]
[White "Erigaisi, Arjun"]
[Black "Roy Chowdhury, Saptarshi"]
[Result "0-1"]
[WhiteElo "2130"]
[BlackElo "2373"]
[PlyCount "54"]
[EventDate "2015.08.17"]
[EventRounds "13"]
[EventCountry "IND"]

1. d4 Nf6 2. Nf3 d6 3. g3 c6 4. Bd2 Bf5 5. Bg2 Nbd7 6. Nh4 Bg6 7. Nxg6 hxg6 8.
c4 e5 9. Bc3 Be7 10. Nd2 Qc7 11. Qc2 a6 12. h3 O-O 13. O-O Rfe8 14. e4 b5 15.
Rfe1 b4 16. Bxb4 exd4 17. b3 Rab8 18. Ba3 c5 19. f4 g5 20. fxg5 Nh5 21. Bf3
Nxg3 22. Kg2 d5 23. h4 Qf4 24. exd5 Bd6 25. Be4 Nxe4 26. Rxe4 Rxe4 27. Qxe4
Qxd2+ 0-1

[Event "GLOCAL SQUARE 53rd National Challengers Chess Cham"]
[Site "Naivedhyam Celebration Centre, Nagpur"]
[Date "2015.08.20"]
[Round "6"]
[Board "1"]
[White "Sengupta, Deep"]
[Black "Neelotpal, Das"]
[Result "1/2-1/2"]
[WhiteElo "2594"]
[BlackElo "2448"]
[PlyCount "50"]
[EventDate "2015.08.17"]
[EventRounds "13"]
[EventCountry "IND"]

1. e4 e5 2. Nf3 Nc6 3. Bc4 Bc5 4. c3 Nf6 5. d3 O-O 6. b4 Bb6 7. a4 a6 8. O-O h6
9. Nbd2 d6 10. h3 Ne7 11. Bb3 c6 12. Re1 Ng6 13. d4 Re8 14. Qc2 Nh5 15. Nc4 Bc7
16. dxe5 dxe5 17. Ne3 Nhf4 18. Kh2 Qf6 19. Ng1 h5 20. g3 Bd7 21. Nf5 Nd5 22.
Ne3 Ndf4 23. Nf5 Nd5 24. Ne3 Ndf4 25. Nf5 Nd5 1/2-1/2

[Event "GLOCAL SQUARE 53rd National Challengers Chess Cham"]
[Site "Naivedhyam Celebration Centre, Nagpur"]
[Date "2015.08.20"]
[Round "6"]
[Board "2"]
[White "Karthikeyan, Murali"]
[Black "Himanshu, Sharma"]
[Result "1-0"]
[WhiteElo "2510"]
[BlackElo "2417"]
[PlyCount "85"]
[EventDate "2015.08.17"]
[EventRounds "13"]
[EventCountry "IND"]

1. e4 c5 2. Nf3 Nc6 3. Nc3 e6 4. Bb5 Nge7 5. O-O a6 6. Bxc6 Nxc6 7. d4 cxd4 8.
Nxd4 Be7 9. Nxc6 bxc6 10. e5 d5 11. exd6 Bxd6 12. Be3 O-O 13. Qh5 Rb8 14. Rad1
Rb4 15. g3 g6 16. Qf3 Qc7 17. Bh6 f5 18. Bxf8 Bxf8 19. b3 e5 20. a3 Rb8 21. Qd3
Be6 22. Qxa6 h5 23. Rfe1 h4 24. b4 e4 25. Ne2 Bf7 26. Qa5 Qe7 27. Nd4 hxg3 28.
hxg3 Re8 29. Nxc6 Qf6 30. Nd8 Ba2 31. Qc7 Re7 32. Qc6 Qg5 33. Rd6 Rg7 34. Ne6
Bxe6 35. Rxe6 Qd2 36. Rf1 Qh6 37. Qe8 Rf7 38. Rd1 e3 39. Rxe3 f4 40. Rf3 Rh7
41. Qe6+ Kh8 42. Qe5+ Kg8 43. Qd5+ 1-0

[Event "GLOCAL SQUARE 53rd National Challengers Chess Cham"]
[Site "Naivedhyam Celebration Centre, Nagpur"]
[Date "2015.08.20"]
[Round "6"]
[Board "3"]
[White "Shyam, Sundar M."]
[Black "Laxman, R.R."]
[Result "0-1"]
[WhiteElo "2499"]
[BlackElo "2425"]
[PlyCount "82"]
[EventDate "2015.08.17"]
[EventRounds "13"]
[EventCountry "IND"]

1. e4 e5 2. Nf3 Nc6 3. Bb5 Nf6 4. d3 Bc5 5. Bxc6 dxc6 6. Nbd2 Nd7 7. Nc4 Qe7 8.
O-O O-O 9. Kh1 Bd6 10. Be3 Nb6 11. Ncd2 Re8 12. a4 c5 13. Ng1 Be6 14. b3 Nd7
15. Ne2 Nb8 16. Nc4 Nc6 17. Bd2 f6 18. Bc3 b6 19. f4 exf4 20. Nxf4 Bxc4 21.
bxc4 Be5 22. Nd5 Qd6 23. Bxe5 Nxe5 24. a5 c6 25. Ne3 g6 26. Qe1 b5 27. cxb5
cxb5 28. Qh4 Rf8 29. a6 Rae8 30. Qg3 Qd8 31. Rab1 b4 32. h3 Re6 33. Ra1 b3 34.
Nd5 bxc2 35. Rfc1 f5 36. Rxc2 fxe4 37. dxe4 c4 38. Kh2 Qb8 39. Raa2 Rf1 40. Ra3
h5 41. Rxc4 h4 0-1

[Event "GLOCAL SQUARE 53rd National Challengers Chess Cham"]
[Site "Naivedhyam Celebration Centre, Nagpur"]
[Date "2015.08.20"]
[Round "6"]
[Board "4"]
[White "Anurag, Mhamal"]
[Black "Kunte, Abhijit"]
[Result "1/2-1/2"]
[WhiteElo "2393"]
[BlackElo "2493"]
[PlyCount "90"]
[EventDate "2015.08.17"]
[EventRounds "13"]
[EventCountry "IND"]

1. e4 c5 2. Nf3 e6 3. c4 Nc6 4. Nc3 Nge7 5. b3 Nd4 6. Nxd4 cxd4 7. Ne2 Nc6 8.
Bb2 e5 9. a3 a5 10. g3 Rb8 11. Nc1 d6 12. Nd3 Be6 13. f4 g6 14. Qf3 exf4 15.
gxf4 Qh4+ 16. Qg3 Qxg3+ 17. hxg3 Bg7 18. Rc1 O-O 19. Bg2 Ne7 20. O-O b6 21. a4
Rfd8 22. Ne1 Nc6 23. d3 Bg4 24. Nc2 Rbc8 25. Bf3 Bxf3 26. Rxf3 f5 27. Na3 Na7
28. Re1 Re8 29. Rf2 Re6 30. Rfe2 Rce8 31. Kf1 Kf7 32. exf5 gxf5 33. Rxe6 Rxe6
34. Rxe6 Kxe6 35. Nb5 Nxb5 36. cxb5 Bf6 37. Kg2 h5 38. Kh3 Kd7 39. Ba3 Be7 40.
Bb2 Bf6 41. Ba3 Be7 42. b4 Kc7 43. bxa5 bxa5 44. Bb2 Bf6 45. Kg2 Kd7 1/2-1/2

[Event "GLOCAL SQUARE 53rd National Challengers Chess Cham"]
[Site "Naivedhyam Celebration Centre, Nagpur"]
[Date "2015.08.20"]
[Round "6"]
[Board "5"]
[White "Krishna, C.R.G."]
[Black "Lalith, Babu M.R."]
[Result "0-1"]
[WhiteElo "2385"]
[BlackElo "2570"]
[PlyCount "74"]
[EventDate "2015.08.17"]
[EventRounds "13"]
[EventCountry "IND"]

1. d4 Nf6 2. c4 e6 3. g3 d5 4. Nf3 Be7 5. Bg2 O-O 6. O-O c6 7. Qc2 b6 8. Nbd2
Bb7 9. e4 Na6 10. e5 Nd7 11. cxd5 Nb4 12. Qd1 Nxd5 13. Ne4 h6 14. Bd2 c5 15.
dxc5 bxc5 16. Re1 Qb6 17. Qc1 Nb4 18. Re3 Rfd8 19. a3 Nc6 20. Qc2 Rab8 21. Rb3
Qc7 22. Qc3 Ncxe5 23. Nxe5 Nxe5 24. Bf4 f6 25. Re1 c4 26. Qc1 Bd5 27. Rbe3 Rb6
28. R3e2 Qb7 29. Bxe5 fxe5 30. Bh3 Rb8 31. Nc3 Bg5 32. Qc2 Rxb2 33. Qxb2 Qxb2
34. Rxb2 Rxb2 35. Nxd5 exd5 36. Be6+ Kf8 37. Bxd5 Bd2 0-1

[Event "GLOCAL SQUARE 53rd National Challengers Chess Cham"]
[Site "Naivedhyam Celebration Centre, Nagpur"]
[Date "2015.08.20"]
[Round "6"]
[Board "6"]
[White "Navin, Kanna T.U."]
[Black "Venkatesh, M.R."]
[Result "1/2-1/2"]
[WhiteElo "2373"]
[BlackElo "2484"]
[PlyCount "84"]
[EventDate "2015.08.17"]
[EventRounds "13"]
[EventCountry "IND"]

1. d4 Nf6 2. Nf3 e6 3. g3 c5 4. Bg2 cxd4 5. Nxd4 d5 6. O-O e5 7. Nb3 Be6 8. Bg5
Nbd7 9. e4 dxe4 10. Nc3 Be7 11. Nxe4 Qc7 12. Nxf6+ Bxf6 13. Be3 O-O 14. c3 a5
15. Qf3 Rab8 16. Ba7 Rbc8 17. Be3 b6 18. Rfd1 Be7 19. Qb7 a4 20. Qxc7 Rxc7 21.
Nd2 a3 22. b3 Rxc3 23. Nc4 b5 24. Nd6 Bg4 25. Nxb5 Rxe3 26. fxe3 Bxd1 27. Rxd1
Nf6 28. Nc3 Bc5 29. Rd3 Rb8 30. Nd5 Nxd5 31. Bxd5 Kf8 32. Kf2 Ke7 33. Ke2 f5
34. e4 g6 35. Rf3 Kd6 36. Bc4 Rf8 37. g4 f4 38. Rh3 h5 39. gxh5 gxh5 40. Kf3
Rh8 41. Bf7 h4 42. Kg4 Rh7 1/2-1/2

[Event "GLOCAL SQUARE 53rd National Challengers Chess Cham"]
[Site "Naivedhyam Celebration Centre, Nagpur"]
[Date "2015.08.20"]
[Round "6"]
[Board "7"]
[White "Thejkumar, M. S."]
[Black "Harsha, Bharathakoti"]
[Result "1-0"]
[WhiteElo "2479"]
[BlackElo "2360"]
[PlyCount "87"]
[EventDate "2015.08.17"]
[EventRounds "13"]
[EventCountry "IND"]

1. d4 d5 2. Nf3 Nf6 3. c4 c6 4. Qc2 dxc4 5. e4 b5 6. b3 cxb3 7. axb3 Bb7 8. Bd2
a5 9. Bd3 e6 10. O-O Be7 11. Rc1 g6 12. Nc3 Na6 13. e5 Nd7 14. Bh6 Nb4 15. Qe2
Qb6 16. Ne4 Nxd3 17. Qxd3 Qc7 18. Bg5 Bb4 19. Bh6 Be7 20. Nfg5 c5 21. dxc5 Qc6
22. Qg3 Qd5 23. Bg7 Rg8 24. Rd1 Rxg7 25. Rxd5 Bxd5 26. Nd6+ Kf8 27. Rc1 h6 28.
Nf3 a4 29. bxa4 Rxa4 30. h3 Nb8 31. Nxb5 Nc6 32. Nc7 Be4 33. Qf4 Kg8 34. Qe3
Kh7 35. Nd2 Bf5 36. Nc4 Nb4 37. Qb3 Ra7 38. Nb5 Nd3 39. Nxa7 Nxc1 40. Qe3 Bg5
41. Qf3 Bd3 42. Nd6 Be2 43. Qa3 Nd3 44. c6 1-0

[Event "GLOCAL SQUARE 53rd National Challengers Chess Cham"]
[Site "Naivedhyam Celebration Centre, Nagpur"]
[Date "2015.08.20"]
[Round "6"]
[Board "8"]
[White "K., Praneeth Surya"]
[Black "Swayams, Mishra"]
[Result "1/2-1/2"]
[WhiteElo "2347"]
[BlackElo "2446"]
[PlyCount "76"]
[EventDate "2015.08.17"]
[EventRounds "13"]
[EventCountry "IND"]

1. e4 e6 2. d4 d5 3. Nc3 Nf6 4. e5 Nfd7 5. f4 c5 6. Nf3 Nc6 7. Be3 Be7 8. Qd2
O-O 9. dxc5 Bxc5 10. O-O-O a6 11. Bxc5 Nxc5 12. Qe3 Qb6 13. Kb1 Na4 14. Qxb6
Nxb6 15. Bd3 Bd7 16. Rhe1 Rac8 17. Ne2 Na4 18. b3 Nc5 19. Ned4 b5 20. Nxc6 Rxc6
21. Kb2 b4 22. Nd4 Rb6 23. c3 a5 24. Bb1 Rc8 25. cxb4 Rxb4 26. a3 Rbb8 27. Ka2
Bb5 28. Re3 a4 29. b4 Bc4+ 30. Kb2 Nb3 31. Bc2 Nxd4 32. Rxd4 Bb5 33. Rc3 Kf8
34. g3 Ke7 35. Bd3 Rxc3 36. Kxc3 Kd7 37. Bxb5+ Rxb5 38. Kb2 Rb7 1/2-1/2

[Event "GLOCAL SQUARE 53rd National Challengers Chess Cham"]
[Site "Naivedhyam Celebration Centre, Nagpur"]
[Date "2015.08.20"]
[Round "6"]
[Board "9"]
[White "Thakur, Akash"]
[Black "Ramnath, Bhuvanesh.R"]
[Result "0-1"]
[WhiteElo "2332"]
[BlackElo "2431"]
[PlyCount "78"]
[EventDate "2015.08.17"]
[EventRounds "13"]
[EventCountry "IND"]

1. e4 c5 2. Nf3 Nc6 3. Bb5 Nf6 4. Nc3 Qc7 5. O-O Nd4 6. Bc4 e6 7. Re1 Ng4 8. g3
Nxf3+ 9. Qxf3 Ne5 10. Qe2 Nxc4 11. Qxc4 a6 12. a4 Qe5 13. a5 d6 14. b3 Bd7 15.
Bb2 Qh5 16. d4 Rc8 17. Na4 cxd4 18. Qxd4 Rxc2 19. Rac1 Rxc1 20. Rxc1 Qxa5 21.
Qa7 Bc6 22. Nb6 f6 23. Qb8+ Kf7 24. Nc4 Qb5 25. Ba3 Qxb3 26. Bxd6 Qd3 27. Qc7+
Kg6 28. Bxf8 Rxf8 29. Nd6 Bxe4 30. Qe7 Bd5 31. Qxf8 Qf3 32. Qe8+ Kg5 33. Nf7+
Kf5 34. Nd6+ Kg5 35. Kf1 Qh1+ 36. Ke2 Qxc1 37. f4+ Kg4 38. Qe7 Qc2+ 39. Ke3
Qc3+ 0-1

[Event "GLOCAL SQUARE 53rd National Challengers Chess Cham"]
[Site "Naivedhyam Celebration Centre, Nagpur"]
[Date "2015.08.20"]
[Round "6"]
[Board "10"]
[White "Karthikeyan, P."]
[Black "Rajesh, V A V"]
[Result "1/2-1/2"]
[WhiteElo "2426"]
[BlackElo "2330"]
[PlyCount "80"]
[EventDate "2015.08.17"]
[EventRounds "13"]
[EventCountry "IND"]

1. Nf3 Nf6 2. c4 g6 3. Nc3 d5 4. cxd5 Nxd5 5. Qc2 Nc6 6. a3 Bg7 7. e3 O-O 8.
Be2 e5 9. O-O Re8 10. d3 Nce7 11. Rd1 Nxc3 12. bxc3 c5 13. Bb2 Nc6 14. c4 Qc7
15. Nd2 f5 16. Nb1 Be6 17. Nc3 Rad8 18. Bf3 g5 19. Bd5 Kh8 20. Rab1 g4 21. Qe2
Qd7 22. f3 Bxd5 23. Nxd5 gxf3 24. Qxf3 Ne7 25. e4 f4 26. Qh5 Nc6 27. Bc3 Re6
28. Qg4 Rde8 29. a4 Nd4 30. Bxd4 cxd4 31. Rb5 a6 32. Rb6 Qxa4 33. Rxb7 Rg8 34.
Qf3 Bf8 35. Rdb1 Rh6 36. R7b2 Qa3 37. Rb3 Qa4 38. R3b2 Qa3 39. Rc2 Qa4 40. Re2
Qa3 1/2-1/2